[Event "USA-ch (Women)"]
[Site "Parsippany"]
[Date "1996.??.??"]
[Round "5"]
[White "Hahn, Anna"]
[Black "Levitan, Yuliya"]
[Result "1/2-1/2"]
[WhiteElo "2165"]
[BlackElo "2220"]
[PlyCount "45"]
[EventDate "1996.07.??"]
[EventType "tourn"]
[EventRounds "9"]
[EventCountry "USA"]
[SourceTitle "EXT 1998"]
[Source "ChessBase"]
[SourceDate "1997.11.17"]
[SourceVersion "1"]
[SourceVersionDate "1997.11.17"]
[SourceQuality "1"]

1. e4 c5 2. Nf3 e6 3. d3 Nc6 4. g3 g6 5. Bg2 Bg7 6. 0-0 Nge7 7. Nbd2 d5 8. Re1 0-0 9. c3 b6 10. e5 Qc7 11. Qe2 Ba6 12. Nf1 Rab8 13. h4 b5 14. N1h2 b4 15. Ng4 bxc3 16. bxc3 Kh8 17. Bh6 Ng8 18. Bf4 Qa5 19. Rec1 Rb7 20. Rc2 Rfb8 21. Rac1 h5 22. Nf6 Rc8 23. Bg5 1/2-1/2

[Event "USA-ch (Women)"]
[Site "Parsippany"]
[Date "1996.??.??"]
[Round "2"]
[White "Levitan, Yuliya"]
[Black "Tverskaya, Julia"]
[Result "0-1"]
[WhiteElo "2220"]
[BlackElo "2195"]
[PlyCount "118"]
[EventDate "1996.07.??"]
[EventType "tourn"]
[EventRounds "9"]
[EventCountry "USA"]
[SourceTitle "EXT 1998"]
[Source "ChessBase"]
[SourceDate "1997.11.17"]
[SourceVersion "1"]
[SourceVersionDate "1997.11.17"]
[SourceQuality "1"]

1. d4 Nf6 2. c4 e6 3. Nc3 Bb4 4. a3 Bxc3+ 5. bxc3 0-0 6. Nf3 c5 7. Bf4 Qa5 8. Bd6 Ne4 9. Bxf8 Qxc3+ 10. Nd2 Nxd2 11. Qc1 Nf3+ 12. Kd1 Qxd4+ 13. Kc2 Qxc4+ 14. Kb2 Qd4+ 15. Qc3 Kxf8 16. gxf3 Qxf2 17. Rc1 b6 18. Rc2 Nc6 19. e3 Qxf3 20. Bg2 Qf6 21. Qxf6 gxf6 22. Bxc6 dxc6 23. Rg1 Ba6 24. Rcg2 Ke7 25. Rg8 Rxg8 26. Rxg8 Bd3 27. Kc3 Bg6 28. Rb8 Kd6 29. Rb7 b5 30. Rxa7 e5 31. Ra8 f5 32. a4 bxa4 33. Rxa4 Kd5 34. Rh4 f6 35. Ra4 Kd6 36. Rh4 h5 37. Ra4 Bf7 38. Rh4 c4 39. Rh3 f4 40. exf4 exf4 41. Kd4 f5 42. Rf3 c5+ 43. Kc3 Ke5 44. Rf1 Be6 45. Re1+ Kf6 46. Rf1 Kg5 47. Re1 f3 48. Kd2 Bd5 49. Ke3 Kf6 50. Kf4 Be4 51. Rc1 Ke6 52. Ke3 Kd5 53. h4 Bd3 54. Rg1 Ke5 55. Kxf3 Kd4 56. Kf2 c3 57. Ke1 f4 58. Rg8 Ke3 59. Re8+ Be4 0-1

[Event "New York Marshall CC"]
[Site "New York"]
[Date "1993.??.??"]
[Round "2"]
[White "Ashley, Maurice"]
[Black "Levitan, Yuliya"]
[Result "1/2-1/2"]
[WhiteElo "2365"]
[BlackElo "2280"]
[PlyCount "54"]
[EventDate "1993.??.??"]
[EventType "tourn"]
[EventRounds "11"]
[EventCountry "USA"]
[EventCategory "4"]
[SourceTitle "CBM 035 Extra"]
[Source "ChessBase"]
[SourceDate "1993.09.01"]
[SourceVersion "1"]
[SourceVersionDate "1993.09.01"]
[SourceQuality "1"]

1. d4 d5 2. c4 e6 3. Nc3 Nf6 4. Bg5 Be7 5. e3 0-0 6. Nf3 b6 7. Bd3 Bb7 8. 0-0 Nbd7 9. Qe2 a6 10. Rfd1 h6 11. Bh4 c5 12. Rac1 dxc4 13. Bxc4 b5 14. Bb3 c4 15. Bc2 Nb6 16. Ne5 Rc8 17. Bb1 g5 18. Bg3 b4 19. d5 exd5 20. Nxd5 Nbxd5 21. e4 Bd6 22. exd5 Re8 23. f4 gxf4 24. Bxf4 Qc7 25. Re1 Qc5+ 26. Kh1 Bxe5 27. Bxe5 Qxd5 1/2-1/2

[Event "Jakarta Interzonal (Women)"]
[Site "Jakarta"]
[Date "1993.??.??"]
[Round "?"]
[White "Csoke, Adrienn"]
[Black "Levitan, Yuliya"]
[Result "1-0"]
[WhiteElo "2235"]
[BlackElo "2270"]
[PlyCount "129"]
[EventDate "1993.07.??"]
[EventType "swiss"]
[EventRounds "13"]
[EventCountry "INA"]
[SourceTitle "EXT 1997"]
[Source "ChessBase"]
[SourceDate "1996.11.15"]
[SourceVersion "1"]
[SourceVersionDate "1996.11.15"]
[SourceQuality "1"]

1. e4 c5 2. Nf3 Nc6 3. d4 cxd4 4. Nxd4 Nf6 5. Nc3 g6 6. Nxc6 bxc6 7. e5 Ng8 8. Bc4 Bg7 9. Bf4 Qa5 10. Qf3 Bxe5 11. Bxf7+ Kxf7 12. Bxe5+ Nf6 13. Bxf6 exf6 14. 0-0 d5 15. Rfe1 Be6 16. Ne2 Rhe8 17. c3 Qc7 18. Nd4 Bd7 19. b4 Re5 20. Re3 Rxe3 21. Qxe3 Re8 22. Qh6 Kg8 23. Qd2 Qe5 24. Nf3 Qe2 25. Re1 Qxd2 26. Rxe8+ Bxe8 27. Nxd2 g5 28. Kf1 Kf8 29. Ke2 Ke7 30. Kd3 Kd6 31. Nb3 Bg6+ 32. Kd4 Bc2 33. Nc5 Bg6 34. g3 Bc2 35. f4 g4 36. a3 Bf5 37. Nb3 Bc8 38. a4 Ba6 39. Nd2 Be2 40. a5 Ba6 41. Nb3 Bc8 42. Nd2 Ba6 43. Nb3 Bc8 44. Nc5 Bf5 45. Na4 Bc2 46. Nb2 a6 47. c4 Bb3 48. cxd5 cxd5 49. Nd3 Kc6 50. Nc5 Bc4 51. Ne6 Kd6 52. Ng7 Ke7 53. Nf5+ Ke6 54. Ne3 Be2 55. Nxd5 h5 56. Kc5 Kf5 57. Nc3 Bf1 58. b5 axb5 59. a6 Bg2 60. Kxb5 h4 61. Kc5 hxg3 62. hxg3 Ke6 63. a7 Ba8 64. Na4 Kf5 65. Kd4 1-0

[Event "USA-ch U20"]
[Site "New York"]
[Date "1993.??.??"]
[Round "?"]
[White "Levitan, Yuliya"]
[Black "Torman, Eric"]
[Result "0-1"]
[WhiteElo "2270"]
[BlackElo "2350"]
[PlyCount "54"]
[EventDate "1993.??.??"]
[EventType "tourn"]
[EventRounds "8"]
[EventCountry "USA"]
[EventCategory "4"]
[SourceTitle "EXT 1997"]
[Source "ChessBase"]
[SourceDate "1996.11.15"]
[SourceVersion "1"]
[SourceVersionDate "1996.11.15"]
[SourceQuality "1"]

1. e4 e6 2. d4 d5 3. Nd2 Nf6 4. Bd3 c5 5. exd5 exd5 6. dxc5 Bxc5 7. Ngf3 0-0 8. 0-0 Nc6 9. Nb3 Bb6 10. h3 Qd6 11. c3 Bxh3 12. gxh3 Qg3+ 13. Kh1 Qxh3+ 14. Nh2 Ne5 15. Be2 Ne4 16. Nd4 Qh4 17. Qe1 Nc6 18. Be3 Nxd4 19. Bxd4 Bxd4 20. cxd4 Rae8 21. Bf3 Re6 22. Bxe4 Rh6 23. Bxh7+ Kxh7 24. Qe5 Re8 25. Qc7 Re7 26. Qb8 Re2 27. b3 Qe4+ 0-1

[Event "USA-ch U20"]
[Site "New York"]
[Date "1993.??.??"]
[Round "?"]
[White "Sammour Hasbun, Jorge E"]
[Black "Levitan, Yuliya"]
[Result "1-0"]
[WhiteElo "2270"]
[BlackElo "2270"]
[PlyCount "75"]
[EventDate "1993.??.??"]
[EventType "tourn"]
[EventRounds "8"]
[EventCountry "USA"]
[EventCategory "4"]
[SourceTitle "EXT 1997"]
[Source "ChessBase"]
[SourceDate "1996.11.15"]
[SourceVersion "1"]
[SourceVersionDate "1996.11.15"]
[SourceQuality "1"]

1. e4 c5 2. Nf3 Nc6 3. Bb5 g6 4. c3 Nf6 5. e5 Nd5 6. d4 cxd4 7. Qb3 e6 8. Bg5 Be7 9. Bxe7 Qxe7 10. 0-0 dxc3 11. bxc3 0-0 12. c4 Nb6 13. Qe3 f6 14. a4 Na5 15. Qc3 a6 16. Qxa5 Qc5 17. Nbd2 axb5 18. Qxb5 Qxb5 19. axb5 Rxa1 20. Rxa1 fxe5 21. c5 Nd5 22. Nxe5 b6 23. c6 dxc6 24. bxc6 b5 25. Nb3 b4 26. g3 g5 27. Nd4 Nc3 28. Ra8 Kg7 29. Nc4 Rd8 30. Nxe6+ Bxe6 31. Rxd8 Bxc4 32. Rd7+ Kf8 33. c7 Ba6 34. Rd6 Ne2+ 35. Kf1 Nxg3+ 36. Kg2 Bb7+ 37. Kxg3 Ke7 38. Rd8 1-0

[Event "USA-ch U20"]
[Site "New York"]
[Date "1993.??.??"]
[Round "?"]
[White "Sidelnikov, Alexander"]
[Black "Levitan, Yuliya"]
[Result "1-0"]
[WhiteElo "2230"]
[BlackElo "2270"]
[PlyCount "91"]
[EventDate "1993.??.??"]
[EventType "tourn"]
[EventRounds "8"]
[EventCountry "USA"]
[EventCategory "4"]
[SourceTitle "EXT 1997"]
[Source "ChessBase"]
[SourceDate "1996.11.15"]
[SourceVersion "1"]
[SourceVersionDate "1996.11.15"]
[SourceQuality "1"]

1. Nf3 Nf6 2. g3 g6 3. Bg2 Bg7 4. 0-0 0-0 5. d3 d5 6. Nbd2 c5 7. e4 Nc6 8. Re1 e6 9. c3 b6 10. h4 Bb7 11. Qc2 Qc7 12. Nf1 c4 13. dxc4 dxc4 14. Bf4 Qe7 15. Rad1 Rfd8 16. e5 Ng4 17. Bg5 f6 18. exf6 Bxf6 19. N1d2 b5 20. Bh3 Bxg5 21. hxg5 Nxf2 22. Kxf2 Qc5+ 23. Re3 Rd3 24. Rde1 Ne7 25. b4 Qb6 26. a4 a6 27. a5 Qa7 28. Ne5 Rf8+ 29. Ndf3 Bxf3 30. Nxf3 Nf5 31. Bxf5 Rxf5 32. Qe2 Rxc3 33. Kg2 Rxe3 34. Qxe3 Qxe3 35. Rxe3 Kf7 36. g4 Rd5 37. Kf2 Ke7 38. Ke2 Kd6 39. Re4 Rd3 40. Rd4+ Rxd4 41. Nxd4 Kd5 42. Ke3 e5 43. Ne2 Ke6 44. Ke4 Kd6 45. Nc3 Ke6 46. Nxb5 1-0

[Event "Olympiad Women-30"]
[Site "Manila"]
[Date "1992.06.18"]
[Round "10"]
[White "Jahn, Constanze"]
[Black "Levitan, Yuliya"]
[Result "0-1"]
[WhiteElo "2210"]
[BlackElo "2245"]
[PlyCount "142"]
[EventDate "1992.06.07"]
[EventType "team-swiss"]
[EventRounds "14"]
[EventCountry "PHI"]
[SourceTitle "EXT 2019"]
[Source "ChessBase"]
[SourceDate "2018.10.10"]
[SourceVersion "1"]
[SourceVersionDate "2018.10.10"]
[SourceQuality "1"]
[WhiteTeam "Germany (W)"]
[BlackTeam "United States (W)"]
[WhiteTeamCountry "GER"]
[BlackTeamCountry "USA"]

1. e4 c5 2. Nf3 Nc6 3. c3 d5 4. exd5 Qxd5 5. d4 Nf6 6. Be2 e6 7. 0-0 Be7 8. c4 Qd8 9. dxc5 Qxd1 10. Rxd1 Bxc5 11. Nc3 0-0 12. Bg5 b6 13. a3 h6 14. Bxf6 gxf6 15. b4 Be7 16. Nb5 a5 17. bxa5 Nxa5 18. Rab1 Bc5 19. Nd6 Ba6 20. Ne4 Be7 21. Rxb6 Bxc4 22. Bxc4 Nxc4 23. Rb7 Bd8 24. h3 Rxa3 25. Rdd7 Ra8 26. Nc5 Na5 27. Rb4 f5 28. g4 Rc8 29. Nd3 Nc6 30. Rc4 fxg4 31. Rxg4+ Kh7 32. Nfe5 Nxe5 33. Nxe5 Rc7 34. Rxc7 Bxc7 35. Nd7 Rd8 36. Nf6+ Kh8 37. Rc4 Be5 38. Ng4 Bg7 39. Rc7 Kg8 40. Kg2 Rd2 41. Kf3 h5 42. Ne3 Bd4 43. Rc1 f5 44. Rg1+ Kh7 45. Rg5 Kh6 46. Rg2 Rb2 47. Nc4 Rb3+ 48. Ke2 Rxh3 49. Nd6 Bf6 50. Ne8 Be5 51. Rg1 Ra3 52. Rd1 f4 53. f3 h4 54. Nd6 Ra2+ 55. Kf1 h3 56. Kg1 Bxd6 57. Rxd6 Re2 58. Rd8 Kg7 59. Rd7+ Kg6 60. Rd8 Rg2+ 61. Kf1 Rg3 62. Kf2 Rg2+ 63. Kf1 Ra2 64. Kg1 Ra3 65. Kf2 h2 66. Rh8 Ra2+ 67. Kf1 Kf6 68. Rh5 Rb2 69. Rh7 Ke5 70. Rh4 Ra2 71. Rh6 Kd4 0-1

[Event "Olympiad Women-30"]
[Site "Manila"]
[Date "1992.06.15"]
[Round "7"]
[White "Levitan, Yuliya"]
[Black "Peptan, Corina Isabela"]
[Result "1/2-1/2"]
[WhiteElo "2245"]
[BlackElo "2115"]
[PlyCount "95"]
[EventDate "1992.06.07"]
[EventType "team-swiss"]
[EventRounds "14"]
[EventCountry "PHI"]
[SourceTitle "EXT 2019"]
[Source "ChessBase"]
[SourceDate "2018.10.10"]
[SourceVersion "1"]
[SourceVersionDate "2018.10.10"]
[SourceQuality "1"]
[WhiteTeam "United States (W)"]
[BlackTeam "Romania (W)"]
[WhiteTeamCountry "USA"]
[BlackTeamCountry "ROU"]

1. e4 c5 2. Nf3 d6 3. d4 cxd4 4. Nxd4 Nf6 5. Nc3 a6 6. Be2 e5 7. Nb3 Be7 8. a4 Be6 9. 0-0 0-0 10. f4 Qc7 11. Kh1 Nbd7 12. Be3 exf4 13. Bxf4 Ne5 14. Nd4 Qd7 15. Qe1 Ng6 16. Bg3 d5 17. Nxe6 Qxe6 18. exd5 Nxd5 19. Nxd5 Qxd5 20. Bf3 Qd7 21. Qe4 Rac8 22. Qxb7 Qxb7 23. Bxb7 Rxc2 24. Bxa6 Rxb2 25. Bc4 Rb4 26. Bd5 Bf6 27. Ra3 Rd8 28. Ba2 Rdd4 29. Bb3 Rd7 30. Bc2 Be5 31. Bxg6 Bxg3 32. Bf5 Rf4 33. Raf3 Rxf3 34. gxf3 Rd5 35. Be4 Rh5 36. Kg2 Bf4 37. h3 Ra5 38. Rd1 f5 39. Bc6 Rc5 40. Bb7 Kf7 41. Rd5 Rxd5 42. Bxd5+ Kf6 43. a5 Be3 44. a6 g5 45. Kf1 Ke5 46. Bf7 Ba7 47. Ke2 Kf4 48. Be6 1/2-1/2

[Event "Olympiad Women-30"]
[Site "Manila"]
[Date "1992.06.08"]
[Round "1"]
[White "Vujosevic, Smilja"]
[Black "Levitan, Yuliya"]
[Result "0-1"]
[WhiteElo "2090"]
[BlackElo "2245"]
[PlyCount "92"]
[EventDate "1992.06.07"]
[EventType "team-swiss"]
[EventRounds "14"]
[EventCountry "PHI"]
[SourceTitle "EXT 2019"]
[Source "ChessBase"]
[SourceDate "2018.10.10"]
[SourceVersion "1"]
[SourceVersionDate "2018.10.10"]
[SourceQuality "1"]
[WhiteTeam "Canada (W)"]
[BlackTeam "United States (W)"]
[WhiteTeamCountry "CAN"]
[BlackTeamCountry "USA"]

1. c4 c5 2. Nc3 Nc6 3. g3 g6 4. Bg2 Bg7 5. Nf3 e6 6. 0-0 Nge7 7. Rb1 0-0 8. a3 d5 9. cxd5 exd5 10. d3 a6 11. Bd2 b5 12. Qc1 Re8 13. Re1 Bb7 14. Bh6 Bh8 15. h4 Rc8 16. h5 Nd4 17. hxg6 hxg6 18. Qg5 Ne6 19. Qg4 Qd7 20. Nh4 Rcd8 21. e4 d4 22. Ne2 Nf8 23. Qg5 c4 24. Qd2 cxd3 25. Qxd3 Ne6 26. b4 g5 27. Nf3 f6 28. e5 fxe5 29. Nxg5 Nxg5 30. Bxg5 Bxg2 31. Kxg2 Qd5+ 32. Kg1 e4 33. Qb3 Qxb3 34. Rxb3 Rc8 35. Rd1 d3 36. Nf4 Nf5 37. Rbb1 Bd4 38. Nd5 Kf7 39. Ne3 Bxe3 40. Bxe3 Nxe3 41. fxe3 Rc2 42. Rf1+ Kg7 43. Rf2 Rec8 44. Rbf1 Rxf2 45. Rxf2 Rc2 46. Rf1 d2 0-1

[Event "World op 19th"]
[Site "Philadelphia"]
[Date "1991.??.??"]
[Round "1"]
[White "Hjartarson, Johann"]
[Black "Levitan, Yuliya"]
[Result "1-0"]
[WhiteElo "2550"]
[BlackElo "2260"]
[PlyCount "61"]
[EventDate "1991.07.??"]
[EventType "swiss"]
[EventRounds "9"]
[EventCountry "USA"]
[SourceTitle "EXT 2000"]
[Source "ChessBase"]
[SourceDate "1999.11.16"]
[SourceVersion "1"]
[SourceVersionDate "1999.11.16"]
[SourceQuality "1"]

1. c4 e6 2. Nc3 d5 3. d4 Nf6 4. Bg5 Be7 5. cxd5 exd5 6. e3 Nbd7 7. Bd3 0-0 8. Qc2 Re8 9. Nge2 c6 10. 0-0-0 Nf8 11. h3 a5 12. g4 b5 13. Ng3 g6 14. Kb1 Bd7 15. f4 a4 16. Qf2 b4 17. Nce2 c5 18. dxc5 Bxc5 19. Nd4 Kg7 20. f5 h6 21. fxg6 fxg6 22. Bh4 Bxd4 23. exd4 g5 24. Rhf1 N8h7 25. Nh5+ Kh8 26. Bg3 Nxh5 27. gxh5 Bxh3 28. Qf7 Qd7 29. Bxh7 Qxf7 30. Rxf7 Bg4 31. Rc1 1-0